|
|
|
|
| LEADER |
00000nam0a2200000 4500 |
| 001 |
284509 |
| 005 |
20231101235712.0 |
| 020 |
|
|
|a RU
|b 85-41449
|
| 035 |
|
|
|a (RuTPU)RU\TPU\book\308679
|
| 090 |
|
|
|a 284509
|
| 100 |
|
|
|a 20150216d1985 m y0rusy5003 ca
|
| 101 |
0 |
|
|a rus
|
| 102 |
|
|
|a RU
|
| 105 |
|
|
|a y z 000zy
|
| 200 |
1 |
|
|a Зеленая брама: документальная легенда об одном из первых сражений Великой Отечественной войны
|f Е. А. Долматовский
|
| 205 |
|
|
|a 2-е изд., доп.
|
| 210 |
|
|
|a Москва
|c Политиздат
|d 1985
|
| 215 |
|
|
|a 319 с.
|
| 606 |
1 |
|
|a Великая Отечественная война 1941-1945
|2 stltpush
|3 (RuTPU)RU\TPU\subj\66603
|9 82654
|
| 610 |
1 |
|
|a Советская Армия
|
| 610 |
1 |
|
|a Южный фронт
|
| 610 |
1 |
|
|a сражения
|
| 610 |
1 |
|
|a история
|
| 610 |
1 |
|
|a документы
|
| 686 |
|
|
|a Т3(2)622
|v LBC/SL-A
|2 rubbk
|
| 700 |
|
1 |
|a Долматовский
|b Е. А.
|g Евгений Аронович
|4 070
|
| 801 |
|
0 |
|a RU
|b RuMRKP
|c 19950704
|g psbo
|
| 801 |
|
1 |
|a RU
|b 63413507
|c 20150216
|
| 801 |
|
2 |
|a RU
|b 63413507
|c 20170530
|g RCR
|
| 942 |
|
|
|c BK
|